|
|
|
|
| LEADER |
00989nam a22002411a 4500 |
| 020 |
|
|
|a 9789380607108
|c 0.00
|
| 040 |
|
|
|a SSUS - Library - Kalady
|
| 082 |
|
|
|a 305.568 095 4
|b SAN/N
|
| 100 |
|
|
|a Sanjukta Dasgupta (ed.)
|
| 245 |
|
|
|a Narratives form the margins : aspects of adivasi history in India
|h [Text]
|
| 260 |
|
|
|a New Delhi
|b Primus Books
|c 2012
|
| 300 |
|
|
|a 298p.
|
| 600 |
|
|
|a Social Sciences
|
| 600 |
|
|
|a Adivasis
|
| 600 |
|
|
|a Adivasi History India
|
| 700 |
|
|
|a Raj Sekhar Basu (ed.)
|
| 852 |
|
|
|h 305.568 095 4
|i SAN/N
|p 067861
|9 995.00
|t 0
|
| 852 |
|
|
|h 305.568 095 4
|i SAN/N
|p 071080
|9 995.00
|t 0
|
| 942 |
|
|
|c BK
|
| 942 |
|
|
|c BK
|
| 999 |
|
|
|c 30572
|d 30572
|
| 952 |
|
|
|0 0
|1 0
|4 0
|6 305_568000000000000_095_4_SAN_N
|7 0
|9 44037
|a SSUS
|b SSUS
|d 2015-01-08
|g 995.00
|l 3
|o 305.568 095 4 SAN/N
|p 067861
|r 2017-12-28
|s 2017-12-15
|v 0.00
|w 2015-01-08
|y BK
|
| 952 |
|
|
|0 0
|1 0
|4 0
|6 305_568000000000000_095_4_SAN_N
|7 0
|9 44038
|a SSUS
|b SSUS
|d 2015-01-08
|g 995.00
|o 305.568 095 4 SAN/N
|p 071080
|r 2015-01-08
|v 0.00
|w 2015-01-08
|y BK
|